Normal view
MARC view
- PAL RAJENDRA.ET AL
Entry Personal Name
001 - CONTROL NUMBER
- control field: 4494
003 - CONTROL NUMBER IDENTIFIER
- control field: OSt
005 - DATE AND TIME OF LATEST TRANSACTION
- control field: 20171124120643.0
008 - FIXED-LENGTH DATA ELEMENTS
- fixed length control field: 171124|| aca||aabn | a|a d
040 ## - CATALOGING SOURCE
- Original cataloging agency: OSt
100 ## - HEADING--PERSONAL NAME
- Personal name: PAL RAJENDRA.ET AL